Statistics for Countries that end with N

Click here to take the quiz!

General Stats

  • This quiz has been taken 37 times
  • The average score is 15 of 25

Answer Stats

Answer% Correct
Afghanistan
89%
Pakistan
83%
Tajikistan
83%
Turkmenistan
80%
Oman
77%
Yemen
77%
Iran
74%
Uzbekistan
74%
Bhutan
71%
Azerbaijan
63%
Jordan
63%
South Sudan
60%
Sudan
60%
Gabon
57%
Japan
57%
Liechtenstein
57%
Sweden
57%
Benin
54%
Spain
54%
Lebanon
51%
Bahrain
49%
Taiwan
46%
Cameroon
31%
Kazahstan
11%
Kyrguistan
6%

Score Distribution

Percentile by Number Answered

Percent of People with Each Score

Your Score History

You have not taken this quiz